Länder mit der niedrigsten LGBT-Toleranz - Statistiken

Allgemein
  • Dieses Quiz wurde 242 mal gespielt
  • Das Durchschnittsergebnis liegt bei 10 aus 20
Antwortstatistiken
Platz Land LGBT-Toleranz Kontinent % Korrekt
4. Afghanistan 3% Asien
79%
1. Somalia 1% Afrika
69%
14. Jemen 5% Asien
60%
1. Tadschikistan 1% Asien
53%
10. Kirgisistan 4% Asien
52%
4. Mauretanien 3% Afrika
51%
14. Usbekistan 5% Asien
51%
4. Äthiopien 3% Afrika
47%
3. Aserbaidschan 2% Asien
46%
4. Senegal 3% Afrika
46%
18. Mongolei 6% Asien
45%
10. Moldawien 4% Europa
44%
10. Tunesien 4% Afrika
44%
4. Armenien 3% Asien
41%
14. Dschibuti 5% Afrika
41%
18. Gambia 6% Afrika
41%
4. Malaysia 3% Asien
38%
14. Simbabwe 5% Afrika
38%
18. Bosnien und Herzegowina 6% Europa
36%
10. Malawi 4% Afrika
35%
Keine übereinstimmenden Quizze gefunden
Verteilung der Resultate
Anzahl Personen mit jedem Resultat
Perzentil nach korrekt beantworteten Fragen
Ihre Resultats-Entwicklung
Sie haben dieses Quiz noch nicht gespielt